MARC details
| 000 -CABECERA |
| campo de control de longitud fija |
01841nam a22002777a 4500 |
| 003 - IDENTIFICADOR DEL NÚMERO DE CONTROL |
| campo de control |
OSt |
| 005 - FECHA Y HORA DE LA ÚLTIMA TRANSACCIÓN |
| campo de control |
20260515115330.0 |
| 008 - DATOS DE LONGITUD FIJA--INFORMACIÓN GENERAL |
| campo de control de longitud fija |
260121b |||||||| |||| 00| 0 eng d |
| 022 ## - NÚMERO INTERNACIONAL NORMALIZADO PARA PUBLICACIONES SERIADAS |
| Número Internacional Normalizado para Publicaciones Seriadas |
0963-8024 |
| 022 ## - NÚMERO INTERNACIONAL NORMALIZADO PARA PUBLICACIONES SERIADAS |
| Número Internacional Normalizado para Publicaciones Seriadas |
1464-3723 |
| 040 ## - FUENTE DE LA CATALOGACIÓN |
| Centro catalogador/agencia de origen |
TBS |
| Lengua de catalogación |
EN |
| Centro/agencia transcriptor |
TBS |
| 041 ## - CÓDIGO DE LENGUA |
| Código de lengua del texto/banda sonora o título independiente |
eng |
| 100 ## - ENTRADA PRINCIPAL--NOMBRE DE PERSONA |
| Nombre de persona |
Rodrik, Dani |
| 9 (RLIN) |
12580 |
| Término indicativo de función/relación |
author |
| 245 ## - MENCIÓN DE TÍTULO |
| Título |
An African growth miracle? |
| Mención de responsabilidad, etc. |
/ Dani Rodrik. |
| 260 ## - PUBLICACIÓN, DISTRIBUCIÓN, ETC. |
| Nombre del editor, distribuidor, etc. |
Journal of African Economies, |
| Fecha de publicación, distribución, etc. |
2018. |
| 300 ## - DESCRIPCIÓN FÍSICA |
| Extensión |
10-27 pages. |
| 362 ## - FECHAS DE PUBLICACIÓN Y/O DESIGNACIÓN SECUENCIAL |
| Fecha de publicación y/o designación secuencial |
Journal of African economies, 2018-01, Vol.27 (1), p.10-27 |
| 520 ## - SUMARIO, ETC. |
| Sumario, etc. |
Africa's recent growth performance has raised expectations of a bright economic future for the continent after decades of decline. Yet there is a genuine question about whether Africa's growth can be sustained, and if so, at what level. The balance of the evidence suggests caution on the prospects for high growth. While the region's fundamentals have improved, the payoffs to macroeconomic stability and improved governance are mainly to foster resilience and lay the groundwork for growth, rather than to generate productivity growth on their own. The traditional engines behind rapid growth, structural change and industrialization, seem to be operating at less than full power. If African countries do achieve growth rates substantially higher, they will have to do so pursuing a growth model that is different from earlier miracles based on industrialization. This might be agriculture-led or services-led growth, but it will look quite different than what we have seen before. |
| 630 #0 - PUNTO DE ACCESO ADICIONAL DE MATERIA--TÍTULO UNIFORME |
| Título uniforme |
MSc International Business |
| 9 (RLIN) |
26977 |
| 650 #0 - PUNTO DE ACCESO ADICIONAL DE MATERIA--TÉRMINO DE MATERIA |
| Término de materia o nombre geográfico como elemento de entrada |
Developing countries |
| 9 (RLIN) |
8743 |
| 650 #0 - PUNTO DE ACCESO ADICIONAL DE MATERIA--TÉRMINO DE MATERIA |
| Término de materia o nombre geográfico como elemento de entrada |
Development economics |
| 9 (RLIN) |
26862 |
| 650 #0 - PUNTO DE ACCESO ADICIONAL DE MATERIA--TÉRMINO DE MATERIA |
| Término de materia o nombre geográfico como elemento de entrada |
Productivity |
| 9 (RLIN) |
3618 |
| 650 #0 - PUNTO DE ACCESO ADICIONAL DE MATERIA--TÉRMINO DE MATERIA |
| Término de materia o nombre geográfico como elemento de entrada |
Service industries |
| 9 (RLIN) |
1728 |
| 856 ## - LOCALIZACIÓN Y ACCESO ELECTRÓNICOS |
| Identificador Uniforme del Recurso |
<a href="https://research-ebsco-com.hub.tbs-education.fr/c/q5dvh4/viewer/pdf/lfp6e4byyz">https://research-ebsco-com.hub.tbs-education.fr/c/q5dvh4/viewer/pdf/lfp6e4byyz</a> |
| 942 ## - ELEMENTOS DE ENTRADA AGREGADA (KOHA) |
| Fuente del sistema de clasificación o colocación |
Clasificación de Library of Congress |